| 000 | 00505nam a2200145Ia 4500 | ||
|---|---|---|---|
| 008 | 100415s9999 xx 000 0 und d | ||
| 082 |
_b13525 _a574.929 |
||
| 100 | _aMellanby Helen | ||
| 245 | _aAnimal Life in Freshwater : A Guide to Fresh-Water Invertebrates | ||
| 260 |
_aLONDON _c1963 _bCHAPMAN & HALL |
||
| 365 | _b161.25 | ||
| 630 | _aAnimal Life in Freshwater : A Guide to Fresh-Water Invertebrates | ||
| 730 | _aAnimal Life in Freshwater : A Guide to Fresh-Water Invertebrates | ||
| 942 | _cBOOK | ||
| 999 |
_c596439 _d596436 |
||